000 00675nam a2200217 a 4500
999 _c5598
_d5598
001 5598
003 BD-JhCC
005 20171221200026.0
008 171218s1988 bg a|||| ||a| 000 0 ben d
035 _a(BD-JhCC) 5598
040 _aBD-JhCC
_dBD-JhCC
041 _aben
082 _a620.106
_bKHA 1988
100 _aখলিল, প্রফেসর ফররুখ
245 _aপ্রবহ বলবিদ্যা /
_c প্রফেসর ফররুখ খলিল
260 _aঢাকা :
_bবাংলা একাডেমী ঢাকা ,
_c1988
300 _a336 p .:
_c23 cm .
650 _aFluid Mechanics
942 _2ddc
_cBK